Statistiche per Tutti i calciatori argentini in Serie A 2021-22

Clicka qui per fare il quiz!

Statistiche generali

  • Questo quiz è stato fatto 179 volte
  • Il punteggio medio è 7 su 18

Statistiche sulle risposte

RuoloGiocatore% Corretto
ALautaro Martinez
90%
C/APaulo Dybala
89%
PJuan Musso
66%
AJoaquin Correa
59%
D/CNahuel Molina
44%
CLuka Romero
40%
PSergio Romero
40%
AGiovanni Simeone
34%
ANicolas Gonzalez
31%
DJose Luis Palomino
28%
DLucas Martinez Quarta
28%
CRoberto Pereyra
26%
DFederico Fazio
21%
CNicolas Dominguez
19%
DNehuen Perez
18%
ADiego Perotti
11%
D/CCristian Ansaldi
10%
AIgnacio Pussetto
9%

Distribuzione punteggi

Percentile per numero di risposta

Percentuale di utenti per punteggio

I tuoi punteggi nel tempo

Non hai fatto questo quiz